Morfología de la politica estatal en Costa Rica y crisis económica /

Sábháilte in:
Sonraí bibleagrafaíochta
Príomhchruthaitheoir: Sojo, Ana
Formáid: Téacs
Teanga:Spanish
Ábhair:
Clibeanna: Cuir clib leis
Níl clibeanna ann, Bí ar an gcéad duine le clib a chur leis an taifead seo!

MARC

LEADER 00000 a a2200000 04500
001 43663
003 cru CRAI/IIS
005 20210513115927.0
008 210513b |||||||| |||| 00| 0 spa d
040 |c cru CRAI/IIS 
100 |a Sojo, Ana  
245 |a Morfología de la politica estatal en Costa Rica y crisis económica /  |c Ana Sojo  
500 |a Colección Centroamérica 
650 |a ESTADO  
650 |a CRISIS MONETARIA  
773 |g volumen13, número37 ( , 1984), páginas 139-162  
773 0 |0 18875  |9 5321  |a Universidad de Costa Rica.  |d San José, Costa Rica: Universidad de Costa Rica. Consejo Superior Universitario Centroamericano, 1972-  |o 14076  |t Estudios Sociales Centroamericanos /  |x 03039676 
942 |2 ddc  |c PP 
999 |c 30785  |d 30785